Пропуск в контексте

Гуманитарный вектор, 2017, том 12, № 1 научный журнал

Сохранить в:
Bibliografiske detaljer
Format: Журнал
Online adgang:https://znanium.com/catalog/document?id=308075
https://znanium.com/cover/0957/957062.jpg
Tags: Tilføj Tag
Ingen Tags, Vær først til at tagge denne postø!
LEADER 01272nam0a2200325 i 4500
001 RU\infra-m\znanium\bibl\957062
003 https://znanium.com/catalog/document?id=308075
005 20211203000000.0
100 |a 20211203d2017 m y0rusy0150 ca 
101 0 |a rus 
102 |a RU 
200 1 |a Гуманитарный вектор, 2017, том 12, № 1  |e научный журнал  |e Журнал 
210 1 |a Чита  |c Забайкальский государственный университет  |d 2017 
215 |a 180 с. 
333 |a ВО - Магистратура 
606 |a Филологические науки  |2 local 
608 |a Журнал  |2 local 
675 |a 10  |z rus 
675 |a 8  |z rus 
675 |a 94  |z rus 
686 |a 63  |2 rubbk 
686 |a 8  |2 rubbk 
686 |a 80  |2 rubbk 
686 |a 81  |2 rubbk 
686 |a 82  |2 rubbk 
686 |a 83  |2 rubbk 
686 |a 87  |2 rubbk 
801 0 |a RU  |b Общество с ограниченной ответственностью «ЗНАНИУМ»  |c 20171205  |2 rusmarc 
856 4 |a znanium.com  |m ebs_support@infra-m.ru  |n НИЦ ИНФРА-М  |u https://znanium.com/catalog/document?id=308075 
856 4 1 |a znanium.com  |d /cover/0957  |f 957062.jpg  |q image/jpeg  |u https://znanium.com/cover/0957/957062.jpg